[Event "29th 4NCL Congress"]
[Site "Harrogate"]
[Date "2023.01.21"]
[Round "3"]
[Board "10"]
[White "Zigmond, Andrew"]
[Black "Collins, Steve"]
[Result "1-0"]
[WhiteElo "1666"]
[BlackElo "1281"]
[PlyCount "93"]
[EventDate "2023.01.20"]
[EventRounds "5"]
[EventCountry "ENG"]

1. e4 c6 2. d4 d5 3. Nc3 dxe4 4. Nxe4 Nf6 5. Nxf6+ exf6 6. Be3 Bd6 7. Nf3 O-O 8.
Qd2 Re8 9. O-O-O Bf5 10. Nh4 Be6 11. Kb1 a5 12. Bd3 Nd7 13. Nf5 Nf8 14. h4 a4 15.
g4 g6 16. Rhg1 Kh8 17. Bh6 Qd7 18. Bg7+ Kg8 19. Bxf6 Bxa2+ 20. Ka1 Ne6 21. Nxd6 Qxd6
22. Kxa2 Nxd4 23. Bxd4 Qxd4 24. Rde1 Red8 25. Qe3 Qb4 26. Qe7 Qb6 27. h5 a3 28. bxa3
c5 29. Re4 Qa5 30. a4 Rxd3 31. hxg6 hxg6 32. Rf4 Ra3+ 33. Kxa3 Qc3+ 34. Ka2 Qxc2+
35. Ka1 Rxa4+ 36. Rxa4 Qxa4+ 37. Kb2 Qd4+ 38. Kb1 Qb4+ 39. Kc2 Qc4+ 40. Kd2 Qd4+
41. Ke2 Qc4+ 42. Kf3 Qc3+ 43. Kg2 Qd4 44. Qe2 b5 45. Rh1 c4 46. Qe8+ Kg7 47. Qh8#
 1-0

[Event "29th 4NCL Congress"]
[Site "Harrogate"]
[Date "2023.01.21"]
[Round "3"]
[Board "11"]
[White "Gibson, Stephen"]
[Black "Meredith, Daniel"]
[Result "0-1"]
[WhiteElo "1509"]
[BlackElo "1659"]
[PlyCount "36"]
[EventDate "2023.01.20"]
[EventRounds "5"]
[EventCountry "ENG"]

1. e4 c5 2. d4 cxd4 3. c3 dxc3 4. Nxc3 Nc6 5. Nf3 a6 6. Be3 e6 7. a3 Qc7 8. Bd3 d6
9. O-O Be7 10. Na4 Bd7 11. Nb6 Rd8 12. Rc1 Nf6 13. Qc2 Ng4 14. Qd2 O-O 15. h3 Nxe3
16. Qxe3 Rb8 17. Rc2 Bd8 18. Rfc1 Qxb6  0-1

[Event "29th 4NCL Congress"]
[Site "Harrogate"]
[Date "2023.01.21"]
[Round "3"]
[Board "12"]
[White "Pearce, Neville R"]
[Black "Carey, Con"]
[Result "1-0"]
[WhiteElo "1650"]
[BlackElo "1525"]
[PlyCount "57"]
[EventDate "2023.01.20"]
[EventRounds "5"]
[EventCountry "ENG"]

1. e4 g6 2. d4 Bg7 3. c4 Nc6 4. Be3 e5 5. d5 Nd4 6. Bd3 c5 7. Ne2 Qf6 8. Nbc3 a6
9. O-O Bh6 10. f4 Qh4 11. Qd2 Nf6 12. Bf2 Qg4 13. h3 Bxf4 14. Nxf4 Qxf4 15. Be3 Qg3
16. Rxf6 d6 17. Raf1 Bxh3 18. Bxd4 cxd4 19. R6f3 Qxg2+ 20. Qxg2 Bxg2 21. Kxg2 dxc3
22. Rxf7 O-O-O 23. bxc3 g5 24. Rb1 Rhf8 25. Rfxb7 Rf4 26. c5 Rg4+ 27. Kh3 h5 28.
Rf7 dxc5 29. Bxa6#  1-0

[Event "29th 4NCL Congress"]
[Site "Harrogate"]
[Date "2023.01.21"]
[Round "3"]
[Board "13"]
[White "Boustred, Noel J"]
[Black "Coleman, Patrick N"]
[Result "1-0"]
[WhiteElo "1644"]
[BlackElo "1514"]
[PlyCount "112"]
[EventDate "2023.01.20"]
[EventRounds "5"]
[EventCountry "ENG"]

1. e4 c5 2. Nc3 e6 3. Nf3 d6 4. d4 cxd4 5. Nxd4 Nc6 6. Bc4 Nf6 7. Bg5 Be7 8. Bb3
O-O 9. h4 h6 10. Ndb5 Ne8 11. Bxe7 Qxe7 12. Qd2 a6 13. Nd4 Nxd4 14. Qxd4 Nf6 15.
O-O-O Rd8 16. e5 Ne8 17. Kb1 Qc7 18. g4 b5 19. g5 h5 20. g6 Bb7 21. gxf7+ Qxf7 22.
Ne4 dxe5 23. Qb6 Bd5 24. Ng5 Qb7 25. Qxb7 Bxb7 26. Nxe6 Rxd1+ 27. Rxd1 Kh7 28. Nf8+
Kh6 29. Rd7 Bc6 30. Rd3 Nf6 31. Ne6 a5 32. Ng5 Ra7 33. Be6 b4 34. Bf5 a4 35. Rd6
Be8 36. Rd8 Re7 37. Kc1 g6 38. Bh3 e4 39. Be6 Nh7 40. Nxh7 Kxh7 41. Bc4 Bf7 42. Bb5
b3 43. axb3 axb3 44. c4 Rc7 45. Rd4 Re7 46. Kd2 Be8 47. Bxe8 Rxe8 48. c5 Ra8 49.
Rxe4 Rd8+ 50. Kc3 Rd5 51. Rc4 Rf5 52. c6 Rxf2 53. c7 Rf3+ 54. Kb4 Rf8 55. c8=Q Rxc8
56. Rxc8 Kh6  1-0

[Event "29th 4NCL Congress"]
[Site "Harrogate"]
[Date "2023.01.21"]
[Round "3"]
[Board "14"]
[White "Sartain, Patrick P"]
[Black "Oliver, Bruce R"]
[Result "0-1"]
[WhiteElo "1494"]
[BlackElo "1643"]
[PlyCount "64"]
[EventDate "2023.01.20"]
[EventRounds "5"]
[EventCountry "ENG"]

1. e4 b6 2. d4 Bb7 3. Nc3 e6 4. Bb5 Bb4 5. Nge2 Bxe4 6. O-O Bb7 7. a3 Be7 8. b4 Nf6
9. Bd3 d6 10. Ng3 Nbd7 11. Nce2 O-O 12. c3 c5 13. f4 Rc8 14. f5 e5 15. dxe5 Nxe5
16. Bc2 d5 17. Nf4 Qc7 18. Ra2 Rfd8 19. Ngh5 d4 20. Nxf6+ Bxf6 21. Nh5 Qc6 22. Nxf6+
Qxf6 23. Qh5 Qc6 24. Bb1 f6 25. Rf4 d3 26. Raf2 Qe8 27. Qh3 Nf7 28. Bxd3 Ng5 29.
Bc4+ Kh8 30. Qg3 Ne4 31. Rxe4 Qxe4 32. Bh6 gxh6  0-1

[Event "29th 4NCL Congress"]
[Site "Harrogate"]
[Date "2023.01.21"]
[Round "3"]
[Board "15"]
[White "Mulholland, Glenn"]
[Black "Wilson, Jeff"]
[Result "1-0"]
[WhiteElo "1640"]
[BlackElo "1455"]
[PlyCount "53"]
[EventDate "2023.01.20"]
[EventRounds "5"]
[EventCountry "ENG"]

1. d4 Nf6 2. Bf4 e6 3. e3 d5 4. Nf3 c5 5. c3 c4 6. Nbd2 Be7 7. b3 cxb3 8. axb3 O-O
9. Bd3 Nbd7 10. Ne5 Nxe5 11. Bxe5 Bd6 12. Nf3 Ne8 13. Qc2 h6 14. O-O a6 15. Rfe1
Qb6 16. c4 dxc4 17. bxc4 Be7 18. Reb1 Qd8 19. Be4 Qd7 20. Qa4 Qxa4 21. Rxa4 Nd6 22.
Bxd6 Bxd6 23. c5 Be7 24. Bxb7 Rb8 25. Rab4 Bd7 26. Ne5 Bb5 27. Bxa6  1-0

[Event "29th 4NCL Congress"]
[Site "Harrogate"]
[Date "2023.01.21"]
[Round "3"]
[Board "16"]
[White "Merry, John D"]
[Black "Gannon, Ben"]
[Result "1-0"]
[WhiteElo "1603"]
[BlackElo "1487"]
[PlyCount "45"]
[EventDate "2023.01.20"]
[EventRounds "5"]
[EventCountry "ENG"]

1. e4 e6 2. d3 d5 3. Nd2 c5 4. Ngf3 Nc6 5. g3 Bd7 6. Bg2 Rc8 7. O-O dxe4 8. Nxe4
e5 9. c3 Bg4 10. h3 f5 11. hxg4 fxe4 12. dxe4 Nf6 13. Bg5 Qxd1 14. Raxd1 Nxe4 15.
Rfe1 Nxg5 16. Nxg5 h6 17. Bxc6+ Rxc6 18. Rxe5+ Be7 19. Ne4 Kf7 20. Rd7 Re8 21. Rxb7
Rb6 22. Rxa7 Rxb2 23. Nd6+  1-0

[Event "29th 4NCL Congress"]
[Site "Harrogate"]
[Date "2023.01.21"]
[Round "3"]
[Board "17"]
[White "Weldon, James"]
[Black "Blower, Trevor R"]
[Result "0-1"]
[WhiteElo "1491"]
[BlackElo "1594"]
[PlyCount "109"]
[EventDate "2023.01.20"]
[EventRounds "5"]
[EventCountry "ENG"]

1. d4 f5 2. g3 Nf6 3. Bg2 g6 4. h4 c6 5. e3 Bg7 6. h5 d5 7. hxg6 hxg6 8. Rxh8+ Bxh8
9. Nf3 Ng4 10. Bh3 Nd7 11. Qd3 e5 12. Bxg4 e4 13. Qd1 fxg4 14. Nh2 Nf6 15. Qe2 Bf5
16. c4 Qd7 17. Nc3 O-O-O 18. Na4 Bg7 19. Bd2 dxc4 20. Ba5 Rh8 21. Nf1 Bf8 22. Bb6
Bb4+ 23. Kd1 Qd5 24. a3 Bd6 25. Nc3 Qf7 26. Bxa7 b5 27. Bb6 Nd7 28. Ba5 Kb7 29. Kc2
Ka6 30. Bb4 c5 31. dxc5 Bxc5 32. Rd1 Qe7 33. Nd5 Qf7 34. Qd2 Be6 35. Bxc5 Nxc5 36.
Nb4+ Kb7 37. Qd6 Rc8 38. Rd2 c3 39. bxc3 Bb3+ 40. Kc1 Bc4 41. Nh2 Bd3 42. Qd5+ Qxd5
43. Nxd5 Nb3+ 44. Kd1 Nxd2 45. Kxd2 Rd8 46. Nb4 Bc4+ 47. Kc2 Be6 48. Nf1 Rf8 49.
f4 exf3 50. e4 Bc4 51. Nd3 f2 52. e5 Rf3 53. Nxf2 Rxf2+ 54. Nd2 Kc6 55. Kc1  0-1

[Event "29th 4NCL Congress"]
[Site "Harrogate"]
[Date "2023.01.21"]
[Round "3"]
[Board "18"]
[White "Buckell, David J"]
[Black "Brown, Chris"]
[Result "1-0"]
[WhiteElo "1594"]
[BlackElo "1454"]
[PlyCount "61"]
[EventDate "2023.01.20"]
[EventRounds "5"]
[EventCountry "ENG"]

1. c4 Nf6 2. Nc3 e6 3. g3 d5 4. d4 Be7 5. Nf3 O-O 6. Bg2 Nbd7 7. cxd5 exd5 8. O-O
c6 9. b3 Re8 10. Bb2 Nb6 11. e3 h6 12. Qc2 Be6 13. Ne5 Ng4 14. Ne2 Rc8 15. Nf4 Nxe5
16. Nxe6 fxe6 17. dxe5 c5 18. Qg6 Rc6 19. Rad1 Bf8 20. Be4 Qd7 21. Qh7+ Kf7 22. Bg6+
Ke7 23. Bxe8 Qxe8 24. f4 c4 25. Ba3+ Kd8 26. Bxf8 Qxf8 27. b4 c3 28. a3 Nc4 29. Rfe1
Nd2 30. Kg2 Ne4 31. Qxe4  1-0

[Event "29th 4NCL Congress"]
[Site "Harrogate"]
[Date "2023.01.21"]
[Round "3"]
[Board "19"]
[White "Butterworth, Brian"]
[Black "Scorer, David M"]
[Result "1/2-1/2"]
[WhiteElo "1564"]
[BlackElo "1422"]
[PlyCount "54"]
[EventDate "2023.01.20"]
[EventRounds "5"]
[EventCountry "ENG"]

1. d4 Nf6 2. Bf4 d5 3. e3 c6 4. c3 Bf5 5. Bd3 Bxd3 6. Qxd3 e6 7. Nf3 Be7 8. Nbd2
Nbd7 9. h3 Qb6 10. Qc2 c5 11. O-O O-O 12. Rfe1 Rac8 13. Rab1 cxd4 14. exd4 Bd6 15.
Bxd6 Qxd6 16. Ne5 Qc7 17. Ndf3 Nxe5 18. Nxe5 Qe7 19. Qe2 Ne4 20. Rbd1 a6 21. Rd3
g6 22. Qg4 Qg5 23. Qxg5 Nxg5 24. f3 h5 25. h4 Nh7 26. f4 Nf6 27. Nf3 Ne4  1/2-1/2

[Event "29th 4NCL Congress"]
[Site "Harrogate"]
[Date "2023.01.21"]
[Round "3"]
[Board "20"]
[White "Merrifield, Peter"]
[Black "Usher, Frank"]
[Result "0-1"]
[WhiteElo "1097"]
[BlackElo "1550"]
[PlyCount "62"]
[EventDate "2023.01.20"]
[EventRounds "5"]
[EventCountry "ENG"]

1. e4 e6 2. d4 d5 3. e5 c5 4. Nf3 Nc6 5. Bb5 Bd7 6. c3 Qb6 7. a4 Nge7 8. dxc5 Qc7
9. Bf4 Ng6 10. Bg3 Bxc5 11. Bxc6 Bxc6 12. b4 Be7 13. O-O Bd7 14. Re1 Rc8 15. Qb3
O-O 16. Na3 Qxc3 17. Qxc3 Rxc3 18. Nb5 Bxb5 19. axb5 Bxb4 20. Rxa7 Rxf3 21. Rea1
Rc3 22. h3 b6 23. Kh2 Rc5 24. f4 Rxb5 25. h4 Bc5 26. h5 Ne7 27. Ra8 Nf5 28. Rxf8+
Bxf8 29. Bf2 d4 30. g4 Ne3 31. g5 Ng4+  0-1

[Event "29th 4NCL Congress"]
[Site "Harrogate"]
[Date "2023.01.21"]
[Round "3"]
[Board "21"]
[White "English, Andrew JP"]
[Black "Sweeney, Ryan"]
[Result "0-1"]
[WhiteElo "1544"]
[BlackElo "1261"]
[PlyCount "59"]
[EventDate "2023.01.20"]
[EventRounds "5"]
[EventCountry "ENG"]

1. c4 e6 2. Nc3 d5 3. cxd5 exd5 4. Nf3 Nf6 5. g3 c6 6. d4 Nbd7 7. Bg2 Bd6 8. O-O
O-O 9. a3 a5 10. Bd2 Re8 11. Rb1 Nb6 12. Bg5 h6 13. Bxf6 Qxf6 14. Re1 Bf5 15. Rc1
Nc4 16. Qb3 Qe7 17. Nd2 Nxd2 18. Qa2 Ne4 19. Nxd5 cxd5 20. Qxd5 Qe6 21. Qb5 Bh3 22.
Bh1 Nxf2 23. e4 Nxh1 24. Kxh1 Qf6 25. Qe2 Qxd4 26. Qh5 Rxe4 27. Qxh3 Rxe1+ 28. Rxe1
Qd5+ 29. Kg1 Bc5+ 30. Kf1  0-1

[Event "29th 4NCL Congress"]
[Site "Harrogate"]
[Date "2023.01.21"]
[Round "3"]
[Board "22"]
[White "Roberts, Malcolm A"]
[Black "Fraser, Chris A"]
[Result "1-0"]
[WhiteElo "1656"]
[BlackElo "1555"]
[PlyCount "103"]
[EventDate "2023.01.20"]
[EventRounds "5"]
[EventCountry "ENG"]

1. e4 c5 2. Nf3 g6 3. d4 cxd4 4. Nxd4 Nc6 5. c3 Bg7 6. Be3 Nf6 7. Nd2 d5 8. Nxc6
bxc6 9. exd5 cxd5 10. Bb5+ Bd7 11. Qa4 O-O 12. O-O Qc7 13. Bxd7 Nxd7 14. Rac1 Qb7
15. Rc2 Nb6 16. Qb3 Rab8 17. Re1 Rfe8 18. g3 e5 19. Rec1 Qd7 20. Qa3 Qa4 21. Qxa4
Nxa4 22. Nb3 Nb6 23. Rd1 Rbd8 24. Bxb6 axb6 25. Rcd2 d4 26. cxd4 exd4 27. Nxd4 Rd7
28. Nc6 Rxd2 29. Rxd2 Bh6 30. Rc2 Kg7 31. b3 Re6 32. Nd4 Rd6 33. Nf3 Kf6 34. g4 Bf4
35. Kg2 g5 36. h3 Ke6 37. Rc4 Kd7 38. Rd4 f6 39. Rxd6+ Kxd6 40. Nd4 Kc5 41. Nc2 Bd2
42. Kf3 Kd5 43. Ke2 Bb4 44. Kf3 Bd6 45. Ne3+ Kd4 46. Nf5+ Kc5 47. Nxd6 Kxd6 48. Ke4
Ke6 49. a4 Kd6 50. b4 h5 51. gxh5 Ke6 52. a5  1-0

[Event "29th 4NCL Congress"]
[Site "Harrogate"]
[Date "2023.01.21"]
[Round "3"]
[Board "23"]
[White "Clarke, Sylvan"]
[Black "Weller, Colin"]
[Result "0-1"]
[WhiteElo "1334"]
[BlackElo "1614"]
[PlyCount "68"]
[EventDate "2023.01.20"]
[EventRounds "5"]
[EventCountry "ENG"]

1. e4 d6 2. Nf3 e5 3. d4 Nd7 4. dxe5 Nxe5 5. Nxe5 dxe5 6. Qxd8+ Kxd8 7. Bc4 Be6 8.
Bxe6 fxe6 9. Bg5+ Nf6 10. Nd2 Bd6 11. O-O-O Ke7 12. Nc4 h6 13. Bxf6+ gxf6 14. Nxd6
cxd6 15. Rd2 Rhd8 16. Rhd1 Rac8 17. Rd3 Rc4 18. Re1 Rg8 19. Rg3 Rxg3 20. hxg3 Rc8
21. Rh1 Rh8 22. f4 f5 23. fxe5 dxe5 24. Rh5 Kf6 25. exf5 exf5 26. Rh4 h5 27. Ra4
a6 28. Rc4 Rh7 29. Rc8 Rg7 30. Rc3 Rd7 31. Rd3 Rxd3 32. cxd3 Kg5 33. Kd2 Kg4 34.
Ke2 Kxg3  0-1

[Event "29th 4NCL Congress"]
[Site "Harrogate"]
[Date "2023.01.21"]
[Round "3"]
[Board "24"]
[White "Gunarathne, Miheli"]
[Black "Oliver, Peter J R"]
[Result "0-1"]
[WhiteElo "830"]
[BlackElo "1602"]
[PlyCount "62"]
[EventDate "2023.01.20"]
[EventRounds "5"]
[EventCountry "ENG"]

1. e4 d6 2. d4 Nf6 3. Nc3 g6 4. Nf3 Bg7 5. Bc4 O-O 6. Bf4 c5 7. dxc5 dxc5 8. Bxf7+
Kxf7 9. Ng5+ Kg8 10. Qe2 e6 11. Qb5 Qb6 12. Qc4 h6 13. Na4 Qb4+ 14. Qxb4 cxb4 15.
O-O-O hxg5 16. Bxg5 Nxe4 17. Be7 Re8 18. Bxb4 Nxf2 19. Rhf1 Nxd1 20. Rxd1 Nc6 21.
Nc5 Nxb4 22. Kb1 e5 23. Re1 Bf5 24. Ne4 Rad8 25. a3 Bxe4 26. axb4 Bf5 27. Re3 Be6
28. b3 Bf5 29. Rc3 Rd1+ 30. Ka2 e4 31. Re3 Ra1#  0-1

[Event "29th 4NCL Congress"]
[Site "Harrogate"]
[Date "2023.01.21"]
[Round "3"]
[Board "25"]
[White "McKay, Ruairidh"]
[Black "Sayer, Ray M"]
[Result "1/2-1/2"]
[WhiteElo "1589"]
[BlackElo "1465"]
[PlyCount "58"]
[EventDate "2023.01.20"]
[EventRounds "5"]
[EventCountry "ENG"]

1. d4 d5 2. c4 e6 3. Nc3 Nf6 4. cxd5 exd5 5. Bg5 Be7 6. Nf3 O-O 7. e3 c6 8. Bd3 h6
9. Bh4 Be6 10. h3 Ne8 11. Bxe7 Qxe7 12. a3 Nd6 13. O-O Nd7 14. Re1 f5 15. b4 Ne4
16. Qc2 Nxc3 17. Qxc3 a6 18. Nh2 Qf6 19. f4 Rac8 20. Nf3 c5 21. bxc5 Rxc5 22. Qd2
Rc7 23. Rac1 Rxc1 24. Rxc1 Rb8 25. Rc7 Qd8 26. Rc2 Rc8 27. Rb2 Rc7 28. Ne5 Nxe5 29.
fxe5 Qe7  1/2-1/2

[Event "29th 4NCL Congress"]
[Site "Harrogate"]
[Date "2023.01.21"]
[Round "3"]
[Board "26"]
[White "Duffell, Andrew"]
[Black "Goldsmith, Jennifer"]
[Result "1-0"]
[WhiteElo "1556"]
[BlackElo "1400"]
[PlyCount "43"]
[EventDate "2023.01.20"]
[EventRounds "5"]
[EventCountry "ENG"]

1. d4 d5 2. c4 c6 3. Nc3 Nf6 4. Bg5 Nbd7 5. e3 e6 6. cxd5 cxd5 7. Bb5 Be7 8. Nf3
O-O 9. O-O a6 10. Bd3 h6 11. Bf4 Nh5 12. Ne5 Nxf4 13. exf4 Nf6 14. Kh1 Kh8 15. g4
Qb6 16. g5 Nh7 17. g6 Nf6 18. gxf7 g5 19. fxg5 hxg5 20. Rg1 g4 21. Rxg4 Nxg4 22.
Qxg4  1-0

[Event "29th 4NCL Congress"]
[Site "Harrogate"]
[Date "2023.01.21"]
[Round "3"]
[Board "27"]
[White "Galloway, Peter"]
[Black "Kilmartin, David"]
[Result "1-0"]
[WhiteElo "1372"]
[BlackElo "1440"]
[PlyCount "52"]
[EventDate "2023.01.20"]
[EventRounds "5"]
[EventCountry "ENG"]

1. e4 c5 2. Nf3 d6 3. Bc4 e6 4. d4 cxd4 5. Nxd4 Nf6 6. Nc3 Nc6 7. Bb3 a6 8. Nxc6
bxc6 9. e5 Nd5 10. Nxd5 cxd5 11. Ba4+ Bd7 12. Bxd7+ Qxd7 13. exd6 Bxd6 14. Qf3 O-O
15. O-O Rfc8 16. c3 Rab8 17. b3 Qc7 18. Bb2 Bxh2+ 19. Kh1 Bd6 20. g3 Qc6 21. Kg2
e5 22. Rad1 e4 23. Qf5 d4 24. Rxd4 e3+ 25. Qf3 Qxf3+ 26. Kxf3 exf2  1-0

[Event "29th 4NCL Congress"]
[Site "Harrogate"]
[Date "2023.01.21"]
[Round "3"]
[Board "29"]
[White "McKay, Mark"]
[Black "Walker, Heather Enid"]
[Result "1-0"]
[WhiteElo "1691"]
[BlackElo "1234"]
[PlyCount "51"]
[EventDate "2023.01.20"]
[EventRounds "5"]
[EventCountry "ENG"]

1. e4 Nf6 2. Nc3 e5 3. Bc4 Nxe4 4. Bxf7+ Kxf7 5. Nxe4 g6 6. d3 Be7 7. Bh6 d5 8. Qf3+
Bf5 9. Ng3 Ke6 10. Nxf5 gxf5 11. Qe2 Nc6 12. Nf3 Rg8 13. O-O-O Qd6 14. Bf4 Bf6 15.
d4 Rg4 16. g3 Re8 17. h3 Rxf4 18. gxf4 e4 19. Ne5 a6 20. f3 Bxe5 21. fxe5 Qd8 22.
fxe4 Qg5+ 23. Kb1 fxe4 24. h4 Qe7 25. Qg4+ Kf7 26. Rhf1+  1-0

[Event "29th 4NCL Congress"]
[Site "Harrogate"]
[Date "2023.01.21"]
[Round "3"]
[Board "30"]
[White "Halpin, David"]
[Black "Dargue, Peter W"]
[Result "0-1"]
[WhiteElo "1198"]
[BlackElo "1421"]
[PlyCount "62"]
[EventDate "2023.01.20"]
[EventRounds "5"]
[EventCountry "ENG"]

1. f4 d5 2. Nf3 Nc6 3. g3 e6 4. e3 f6 5. Bg2 e5 6. d3 Bg4 7. h3 Bh5 8. g4 Bf7 9.
O-O Qd7 10. Re1 O-O-O 11. b3 h5 12. g5 fxg5 13. Nxg5 exf4 14. Nxf7 Qxf7 15. exf4
Bc5+ 16. Kh1 Nd4 17. c3 Ne6 18. d4 Bb6 19. Qf3 c6 20. Qe3 Re8 21. h4 Kb8 22. Qg3
Bc7 23. Rf1 Rf8 24. Bh3 Nh6 25. Bxe6 Qxe6 26. Qe3 Qxe3 27. Bxe3 Rf5 28. Kg2 Re8 29.
Rf3 Ng4 30. Bd2 Rf7 31. f5 Re2+  0-1

[Event "29th 4NCL Congress"]
[Site "Harrogate"]
[Date "2023.01.22"]
[Round "4"]
[Board "1"]
[White "Fisher, Neal"]
[Black "Lee, Jordan"]
[Result "0-1"]
[WhiteElo "1669"]
[BlackElo "1699"]
[PlyCount "80"]
[EventDate "2023.01.20"]
[EventRounds "5"]
[EventCountry "ENG"]

1. e4 c6 2. d4 d5 3. Nc3 dxe4 4. Nxe4 Bf5 5. Ng3 Bg6 6. c3 Nf6 7. Nf3 Nbd7 8. Bc4
e6 9. O-O Qc7 10. Re1 O-O-O 11. Qb3 Nb6 12. Bf1 h5 13. Ne5 Bh7 14. Bg5 Re8 15. Nc4
Nfd5 16. Nxb6+ Nxb6 17. Qd1 f6 18. Bd2 h4 19. Qh5 Bd6 20. Ne2 Bxh2+ 21. Kh1 h3 22.
Qg4 Bf5 23. Qf3 hxg2+ 24. Bxg2 Rh7 25. Be3 Reh8 26. a4 Nc4 27. Bc1 Nd6 28. Ng1 g5
29. Qe2 g4 30. b4 Bf4+ 31. Nh3 gxh3 32. Bxf4 hxg2+ 33. Kxg2 Qg7+ 34. Bg3 Rh2+ 35.
Kg1 Rh1+ 36. Kg2 R8h2+ 37. Kf3 Bg4+ 38. Ke3 Bxe2 39. Kxe2 Rxe1+ 40. Rxe1 Qxg3  0-1

[Event "29th 4NCL Congress"]
[Site "Harrogate"]
[Date "2023.01.22"]
[Round "4"]
[Board "2"]
[White "Tedd, Bernie"]
[Black "Egan, William J"]
[Result "1-0"]
[WhiteElo "1637"]
[BlackElo "1608"]
[PlyCount "48"]
[EventDate "2023.01.20"]
[EventRounds "5"]
[EventCountry "ENG"]

1. e4 c6 2. d4 d5 3. exd5 cxd5 4. Nf3 Nc6 5. Bb5 e6 6. Ne5 Bd7 7. Nxd7 Qxd7 8. c3
Nge7 9. O-O Ng6 10. f4 Be7 11. Nd2 O-O 12. Qh5 Nh4 13. g3 g6 14. Qg4 Nf5 15. Nf3
Bf6 16. Qh3 Nd6 17. Bd3 Ne7 18. g4 Rac8 19. Ng5 Bxg5 20. fxg5 Kg7 21. Qh6+ Kh8 22.
Bf4 f6 23. Be5 Ng8 24. gxf6 Nf7  1-0

[Event "29th 4NCL Congress"]
[Site "Harrogate"]
[Date "2023.01.22"]
[Round "4"]
[Board "3"]
[White "Williams, Stephen"]
[Black "Andrews, Norman G"]
[Result "0-1"]
[WhiteElo "1696"]
[BlackElo "1597"]
[PlyCount "106"]
[EventDate "2023.01.20"]
[EventRounds "5"]
[EventCountry "ENG"]

1. d4 Nf6 2. c4 e6 3. Nf3 Bb4+ 4. Nbd2 O-O 5. a3 Bxd2+ 6. Bxd2 b6 7. e3 Bb7 8. Be2
d6 9. O-O Nbd7 10. Ne1 c5 11. Rc1 Ne4 12. Bc3 f5 13. Nf3 Nxc3 14. Rxc3 Nf6 15. d5
exd5 16. cxd5 Ne4 17. Rc2 Qe7 18. Qd3 Qf7 19. Rd1 a6 20. Ne1 Rae8 21. a4 Re7 22.
Qb3 Nf6 23. Qxb6 Bxd5 24. Rc3 Ne4 25. Rxd5 Nxc3 26. Rd2 Nxe2+ 27. Rxe2 Qc4 28. Rc2
Qxa4 29. Qxd6 Qa5 30. Kf1 Qc7 31. Qxc5 Qxc5 32. Rxc5 f4 33. Ke2 fxe3 34. f3 Rb7 35.
Nd3 Rd8 36. Kxe3 Rb3 37. Rc3 Rxc3 38. bxc3 a5 39. Kd2 Kf7 40. Kc2 Kf6 41. Nc5 Rc8
42. Ne4+ Ke5 43. Kb3 Rb8+ 44. Ka4 Rb2 45. Kxa5 Rxg2 46. Kb5 Rxh2 47. c4 Kf4 48. c5
Rc2 49. c6 Rxc6 50. Kxc6 h5 51. Kd5 h4 52. Kd4 h3 53. Kd3 h2  0-1

[Event "29th 4NCL Congress"]
[Site "Harrogate"]
[Date "2023.01.22"]
[Round "4"]
[Board "4"]
[White "Mitchell, Ian"]
[Black "Ganti, Shriaansh"]
[Result "1/2-1/2"]
[WhiteElo "1598"]
[BlackElo "1598"]
[PlyCount "80"]
[EventDate "2023.01.20"]
[EventRounds "5"]
[EventCountry "ENG"]

1. d4 Nf6 2. c4 e6 3. Nc3 Bb4 4. Bd2 Bxc3 5. Bxc3 d5 6. e3 O-O 7. cxd5 exd5 8. Bd3
c6 9. h3 Re8 10. Nf3 Ne4 11. Qc2 Bf5 12. O-O-O a5 13. g4 Bg6 14. Ne5 b5 15. Nxg6
fxg6 16. Bxe4 Rxe4 17. Qe2 b4 18. Bd2 Nd7 19. f3 Re8 20. h4 Qb6 21. Qd3 Rac8 22.
h5 g5 23. Qf5 Qd8 24. e4 h6 25. exd5 cxd5+ 26. Kb1 Nf6 27. Rc1 Qd7 28. Qxd7 Nxd7
29. Rxc8 Rxc8 30. Rc1 Rxc1+ 31. Kxc1 Kf7 32. f4 gxf4 33. Bxf4 Nf6 34. g5 hxg5 35.
Bxg5 Nxh5 36. Bd8 Nf4 37. Kd2 Ne6 38. Bb6 Kf6 39. Ke3 g5 40. Bxa5 g4  1/2-1/2

[Event "29th 4NCL Congress"]
[Site "Harrogate"]
[Date "2023.01.22"]
[Round "4"]
[Board "5"]
[White "Blower, Trevor R"]
[Black "Zigmond, Andrew"]
[Result "0-1"]
[WhiteElo "1594"]
[BlackElo "1666"]
[PlyCount "60"]
[EventDate "2023.01.20"]
[EventRounds "5"]
[EventCountry "ENG"]

1. f4 e6 2. Nf3 Nf6 3. g3 d5 4. Bg2 Bc5 5. c3 Nbd7 6. b4 Bb6 7. Qc2 Ne4 8. e3 c5
9. d3 Nef6 10. a4 a5 11. bxc5 Bxc5 12. d4 Be7 13. O-O b6 14. Nbd2 Qc7 15. Ne5 Ba6
16. c4 Rc8 17. f5 dxc4 18. fxe6 Nxe5 19. dxe5 Qxe5 20. exf7+ Kxf7 21. Ne4 Qxa1 22.
Bb2 Qa2 23. Nc3 Qb3 24. Qe2 Rhd8 25. Nd5 c3 26. Qh5+ Kf8 27. Rxf6+ Bxf6 28. Bxc3
Qb1+ 29. Kf2 Qc2+ 30. Kf3 Be2+  0-1

[Event "29th 4NCL Congress"]
[Site "Harrogate"]
[Date "2023.01.22"]
[Round "4"]
[Board "6"]
[White "Meredith, Daniel"]
[Black "Merry, John D"]
[Result "1-0"]
[WhiteElo "1659"]
[BlackElo "1603"]
[PlyCount "29"]
[EventDate "2023.01.20"]
[EventRounds "5"]
[EventCountry "ENG"]

1. e4 c5 2. d4 cxd4 3. c3 dxc3 4. Nxc3 Nc6 5. Nf3 d6 6. Bc4 e6 7. O-O Nf6 8. Qe2
Be7 9. Rd1 Nd7 10. Nb5 Nb6 11. Bb3 a6 12. Nxd6+ Bxd6 13. e5 Bxe5 14. Rxd8+ Kxd8 15.
Nxe5  1-0

[Event "29th 4NCL Congress"]
[Site "Harrogate"]
[Date "2023.01.22"]
[Round "4"]
[Board "7"]
[White "Usher, Frank"]
[Black "Sloan, Cecil"]
[Result "1/2-1/2"]
[WhiteElo "1550"]
[BlackElo "1654"]
[PlyCount "74"]
[EventDate "2023.01.20"]
[EventRounds "5"]
[EventCountry "ENG"]

1. e4 c5 2. Nf3 Nc6 3. d4 cxd4 4. Nxd4 e5 5. Nb5 d6 6. c4 a6 7. N5c3 Nf6 8. Na3 Be7
9. Nc2 O-O 10. Be2 Be6 11. Ne3 Nd4 12. O-O Rc8 13. Kh1 Qc7 14. Ned5 Bxd5 15. cxd5
Nxe2 16. Qxe2 Qc4 17. Qxc4 Rxc4 18. f3 Rfc8 19. Be3 Nd7 20. Rac1 Bd8 21. Na4 Rxc1
22. Rxc1 Rxc1+ 23. Bxc1 Nb6 24. Nc3 Kf8 25. Kg1 Ke8 26. Kf1 Kd7 27. b3 Nc8 28. Ke2
Bb6 29. Be3 Bxe3 30. Kxe3 b5 31. a4 b4 32. Nb1 a5 33. Nd2 Nb6 34. Kd3 Kc7 35. Nc4
Nxc4 36. Kxc4 Kb6 37. g3 f6  1/2-1/2

[Event "29th 4NCL Congress"]
[Site "Harrogate"]
[Date "2023.01.22"]
[Round "4"]
[Board "8"]
[White "Railean, Sergiu"]
[Black "Pearce, Neville R"]
[Result "1-0"]
[WhiteElo "1544"]
[BlackElo "1650"]
[PlyCount "41"]
[EventDate "2023.01.20"]
[EventRounds "5"]
[EventCountry "ENG"]

1. e4 c5 2. Nf3 d6 3. c4 Nf6 4. Nc3 e6 5. Be2 Nc6 6. d4 cxd4 7. Nxd4 a6 8. Be3 Be7
9. O-O O-O 10. Rc1 Bd7 11. Nc2 Qc7 12. f4 Rac8 13. Qe1 Na5 14. Nd4 Nc6 15. Nb3 Na5
16. Nxa5 Qxa5 17. Nd5 Qd8 18. Nxe7+ Qxe7 19. Qh4 Rfe8 20. e5 dxe5 21. fxe5  1-0

[Event "29th 4NCL Congress"]
[Site "Harrogate"]
[Date "2023.01.22"]
[Round "4"]
[Board "9"]
[White "Gunarathne, Senith"]
[Black "Boustred, Noel J"]
[Result "1-0"]
[WhiteElo "1522"]
[BlackElo "1644"]
[PlyCount "39"]
[EventDate "2023.01.20"]
[EventRounds "5"]
[EventCountry "ENG"]

1. e4 e5 2. Nf3 Nc6 3. d4 exd4 4. Bc4 Bc5 5. c3 dxc3 6. Bxf7+ Kxf7 7. Qd5+ Kf8 8.
Qxc5+ Qe7 9. Qxe7+ Ngxe7 10. Nxc3 Nb4 11. Ke2 b6 12. a3 Ba6+ 13. Kd2 Nd3 14. Ke3
Kf7 15. Ne1 Nxe1 16. Rxe1 Rae8 17. f3 Nf5+ 18. Kf2 Nd4 19. Nd5 c5 20. Nc7  1-0